| 000 | 00624nam a2200241Ia 4500 | ||
|---|---|---|---|
| 005 | 20260429112143.0 | ||
| 008 | 260429s9999||||xx |||||||||||||| ||und|| | ||
| 020 | _a9781032277066 | ||
| 041 | _aEnglish | ||
| 082 |
_a780.721 _bEER |
||
| 100 | _aEerola, Tuomas | ||
| 245 | 0 |
_aMusic and science / _cTuomas Eerola |
|
| 250 | _a1st ed. | ||
| 260 |
_aLondon : _bRoutledge, _c2025. |
||
| 300 | _axxii, 275 p.; pbk | ||
| 440 | _aSEMPRE studies in the psychology of music | ||
| 650 | _a Science | ||
| 650 | _aMusic | ||
| 700 | _a Cross, Ian | ||
| 700 | _a Ockelford, adam | ||
| 700 | _aWelch, Graham F. | ||
| 942 | _cTB | ||
| 999 |
_c52624 _d52624 |
||